Alliances and coalitions : how to gain influence and power by working with people

Bibliographic Details
Main Authors: Levin, Edward (Author), Denenberg, R. V. (Author)
Format: Book
Language:English
Published: New York : McGraw-Hill 1984
Subjects:

MARC

LEADER 00000cam a2200000 7i4500
001 0000001230
005 20240924.0
008 230205 nyu eng
020 |a 0070372837 
040 |a INS   |b eng   |e rda 
090 0 0 |a HM131   |b .L418 1984 
100 1 |a Levin, Edward ,   |e author 
245 1 0 |a Alliances and coalitions :   |b how to gain influence and power by working with people   |c Edward Levin, R. V. Denenberg 
264 1 |a New York :   |b McGraw-Hill   |c 1984 
264 4 |c ©1984 
300 |a xi, 169 pages ;   |c 22 cm. 
336 |a text  |2 rdacontent 
337 |a unmediated  |2 rdamedia 
338 |a volume  |2 rdacarrier 
500 |a Includes index 
650 0 |a Coalition (social science) 
650 0 |a Power (social science) 
650 0 |a Social groups 
700 1 |a Denenberg, R. V. ,   |e author 
999 |a 0000002268   |b BOOK   |c Open Shelf   |e Default branch